000 00310nam a22001337a 4500
999 _c158193
_d158193
082 _a
_b
100 _aBhusha B
100 _aDaryl Siedentop
245 _aDictionary of sociology/
_cby Bhusha B and Daryl Siedentop.
260 _aNew Delhi:
_bAnmol
_c1991.
300 _a328p.
650 _a
942 _cBK